000 00571nam a2200193Ia 4500
005 20250326123735.0
008 250326s9999 xx 000 0 und d
037 _aTextbook
040 _aFMSL
_beng
_cFMSL
041 _aeng
_2eng
084 _aX:74obD658(2:55) P2
_qFMSL
100 _aFattah H M
_9735959
245 0 _aHow peer-to-peer technology is revolutionizing the way we do business
_cFattah H M
250 _a2
260 _aUSA
_bUSA, Dearborn
_c2002
300 _a191p
942 _cTB
_hX:74obD658(2:55) P2
999 _c1270749
_d1270749